Matematika pro základní školy v kostce příprava na přijímací zkoušky na střední školy

Bibliographic Details
Main Authors: Kuzma, Jozef (Author), Reiterová, Monika (Author)
Other Authors: Koval, Josef (Translator)
Format: Book
Language:Czech
Slovak
Published: Praha Knižní klub 2017
Edition:Vydání první
Series:Universum
Subjects:

MARC

LEADER 00000nam a2200000 a 4500
001 vtls011698123
003 SK-MaSNL
005 20260301221748.0
008 240318s2017 xr dal c f 001 0 cze
015 |a SNBZSA2017/08 
020 |a 9788024255941  |q (brožované) 
035 |a urn:nbn:sk:snk-am00d11o 
035 |a urn:nbn:sk:snk-am3hi1c 
035 |a 89300B96-0EC5-4E08-8EA8-1977688D3356 
040 |a SNK  |b slo  |c SNK  |e AACR2 
041 1 |a cze  |h slo 
044 |a xr  |c CZ 
072 7 |a 51  |x Matematika  |2 konspekt 
080 |a 51  |2 2011 
080 |a 373.3.016  |2 2011 
080 |a 37.091.212.2  |2 2011 
080 |a 373.5+377  |2 2011 
080 |a (035)  |2 2011 
100 1 |a Kuzma, Jozef  |4 aut  |9 8251 
240 1 0 |a Matematika základnej školy v kocke  |l Česky 
245 1 0 |a Matematika pro základní školy v kostce  |b příprava na přijímací zkoušky na střední školy  |c Jozef Kuzma, Monika Reiterová ; ze slovenského originálu ... přeložil Jozef Koval 
246 3 0 |a Příprava na přijímací zkoušky na střední školy 
250 |a Vydání první 
260 |a Praha  |b Knižní klub  |c 2017 
300 |a 128 s.  |b ilustr., grafy, vzory  |c 24 cm 
490 1 |a Universum 
504 |a Register 
650 0 7 |a matematika  |2 SNKPH  |9 70174 
650 0 7 |a Mathematics  |2 SNKPHeng  |9 265620 
650 0 7 |a učivo základných škôl  |2 SNKPH  |9 63300 
650 0 7 |a Elementary school curriculum  |2 SNKPHeng  |9 306214 
650 0 7 |a prijímacie skúšky  |2 SNKPH  |9 1229 
650 0 7 |a Entrance examinations  |2 SNKPHeng  |9 311635 
650 0 7 |a stredné školy  |2 SNKPH  |9 1279 
650 0 7 |a Secondary schools  |2 SNKPHeng  |9 267200 
655 7 |a príručky  |2 SNKPH  |9 74364 
655 7 |a Handbooks, manuals, etc.  |2 SNKPHeng  |9 90964 
700 1 |a Reiterová, Monika  |4 aut  |9 27866 
700 1 |a Koval, Josef  |4 trl  |9 264182 
830 0 |a Universum  |9 313631 
919 |a 978-80-242-5594-1 
958 |a ZS 
958 |a NB 
999 |c 937310  |d 939240 
952 |a SNK  |b SNK  |y PREZ  |7 0  |p 17A1269906  |o snkSC 175734  |i snk2017/17807  |8 4  |g 6.39  |0 0  |1 0  |4 0  |d 2017-06-20  |f 1  |l 0  |r 2025-09-17 00:00:00  |w 2026-02-24